| 000 | 01194nac a22002891u 4500 | ||
|---|---|---|---|
| 090 | _c8938 | ||
| 008 | 090129t2007 xxu||||| |||| 00| 0 eng d | ||
| 010 | _a2006047529 | ||
| 020 | _a0321376102 | ||
| 020 | _a9780321376107 | ||
| 035 | _a(OCoLC)ocm69594116 | ||
| 082 | 0 | 0 |
_a338.9 _bWAL |
| 100 | _aWaldman, Don E. | ||
| 245 | 1 | 0 |
_aIndustrial Organization : _bTheory and Practice / _cDon E. Waldman, Elizabeth J. Jensen. |
| 250 | _a3rd ed. | ||
| 260 |
_aBoston : _bPearson Addison Wesley, _cc2007. |
||
| 300 |
_axxiii, 712 p. : _bill. ; _c24 cm. |
||
| 440 | 4 | _aThe Addison Wesley series in economics | |
| 504 | _aIncludes bibliographical references and indexes. | ||
| 650 | 0 | _aIndustrial organization (Economic theory) | |
| 650 | 0 | _aIndustrial organization. | |
| 650 | 0 | _aIndustrial policy. | |
| 700 | 1 | _aJensen, Elizabeth Jane. | |
| 942 |
_cBB _k338.9WAL _2ddc |
||
| 999 |
_c8938 _d8938 |
||